Constructions and combinatorial problems in design of experiments /

Guardado en:
Autor Principal: Raghavarao, Damaraju.
Formato: Libro
Idioma:English
Publicado: New York : Wiley, c1971.
Series:Wiley series in probability and mathematical statistics
Materias:
Etiquetas: Agregar Etiqueta
Sin Etiquetas, Sea el primero en etiquetar este registro!
LEADER 00760cam a2200229 a 4500
001 MAT.inmabb004729
008 710804s1971####nyu######b####001#0#eng##
005 20130319165455.0
245 1 0 |a Constructions and combinatorial problems in design of experiments /  |c Damaraju Raghavarao. 
260 |a New York :  |b Wiley,  |c c1971. 
300 |a xv, 386 p. ;  |c 24 cm. 
440 0 |a Wiley series in probability and mathematical statistics 
504 |a Incluye referencias bibliográficas. 
510 4 |a MR,  |c 51 #2187 
020 |a 0471704857 
100 1 |a Raghavarao, Damaraju. 
650 0 |a Experimental design. 
650 0 |a Combinatorial analysis. 
084 |a 62Kxx  |2 msc2000 
010 |a  78148508  
040 |a DLC  |c DLC  |d DLC 
859 |h 62  |i R142  |p A-4335  |b BIB. MATEMATICA